000 04346nam a22005777a 4500
008 140202b ck ||||| |||| 00| 0 spa d
020 _a987-1004-13-3
082 0 4 _a302.23 / P99m
100 1 _aPiscitelli, Alejandro
_975130
245 1 0 _aMeta-cultura : el eclipse de los medios masivos en la era de la Internet / Alejandro Piscitelli
264 _aBuenos Aires : La Crujía, 2002
300 _a271 p. ; 20 cm.
490 0 _aCategorías, Colección Inclusiones.
_995291
505 0 0 _aPrefacio / Néstor García Canclini -- Avant la lettre -- De la razón analítica a la razón sintética. ¿Puede
505 0 0 _ael pensa-miento ser, si no es lineal? -- Sócrates en el laberinto -- La red es la computadora -- Hardware
505 0 0 _avirtual. Rompiendo una nueva discontinuidad -- Enredados. Tele-ciudadanos de las ciberculturas -- De las
505 0 0 _acomunidades textuales a las comunidades electrónicas -- Virtualidad y mundos-redes -- ¿Pragmatismo o
505 0 0 _aconvivialidad? -- Clasificar para reinar: cuando la red es la sociedad -- Redes académicas, post-desarrollo y
505 0 0 _acomplejidad -- Intelpresas, hiper-redes y estrategias ciberculturales -- El complejo de Frankestein. El
505 0 0 _aimpacto de los robots en las imágenes del hombre -- La revolución de los robots -- De homo sapiens a machina
505 0 0 _asapiens -- La derrota de Víctor Frankenstein -- La razón instrumental y la autonomización de lo artificial --
505 0 0 _aCuando la máquina es la sociedad -- El tiempo se acaba. Del péndulo a la máquina virtual -- La modernidad fue
505 0 0 _aun reloj de agujas aceitadas -- Las dimensiones crean al mundo -- Los objetos se ponen a hablar --
505 0 0 _aAntropología post-orgánica -- Meta-comunicación -- La edad media, una época muy poco oscura -- Hacer y
505 0 0 _adeshacer la historia -- El estribo, el arado y la domesticación de energía -- Las revoluciones invisibles --
505 0 0 _aLo imaginario en la evolución social -- Creencias y vida cotidiana -- Del contacto como experimento mental.
505 0 0 _aIntroducción a la xenología -- De escépticos, creyentes y oscurantistas -- La cuestión del contacto --
505 0 0 _aContacto como experimento mental -- Sociología de SETI -- Hacia el control social de la tecnología -- Gregory
505 0 0 _aBateson: polígrafo -- Un hombre con cualidades -- El largo y sinuoso camino de la síntesis -- El hombre que no
505 0 0 _agustaba de los detalles -- El retorno de lo mental -- La política de la experiencia -- Terrorismo intelectual
505 0 0 _ay canibalismo simbólico -- ¿Saturación comunicativa o emancipación narrativa? Una inevitable colisión de
505 0 0 _aintereses -- Oralidad, imprenta y disciplinamiento -- ¿Alpargatas (MTV) sí, libros no? -- Crónica TV y los
505 0 0 _ausos de la neo-televisión -- La televisión dejó de ser un medio masivo -- Media culpa. La competencia
505 0 0 _aargumentativa universalizante se va al tacho pero la razón aún no lo sabe -- Gelassenheit, habladurías y una
505 0 0 _aeconomía moral que no es la nuestra -- ¿Saturación comunicativa o emancipación narrativa? -- Una inevitable
505 0 0 _acolisión de intereses -- El lenguaje puede decir la verdad porque primariamente sirve para mentir -- Los
505 0 0 _ainmateriales y la resensibilización desestabilizadora -- Pensamiento que divide, silencio que reúne.
520 _aLos ensayos aquí contenidos buscan conexiones inesperadas entre la complejidad tecnológica, la intoxicación
520 _acomunicacional y la diversidad cultural. Nuestra guía es la seductora oferta hecha por Gregory Bateson (de
520 _adescubrir la pauta que conecta al cangrejo con la langosta, a la orquídea con la anémona y los cuatro
520 _aconmigo, y contigo, y a los seis con la ameba en un extremo y con el esquizofrénico que está en el
520 _apsiquiátrico, en el otro) que trataremos de extender a ámbitos más cercanos a nosotros en el tiempo y el
520 _aespacio.
521 _a1 ej.
590 _aBibliografía p. 227-271.
650 1 4 _aCultura
_9105542
650 1 4 _aCiberculturas
_9103006
650 1 4 _aComunicacion
_9104034
650 1 4 _aInternet
_9113805
650 1 4 _aFondo ciencias sociales
_9110921
999 _c21080
_d21080